000 00562nam a2200217Ia 4500
003 BUBTL
008 151213s9999 xx 000 0 und d
020 _a812030970-7
082 _a511.3
_bCOS
100 _aIrwing M. Copi
245 _aSymbolic Logic
_cIrwing M. Copi
250 _a5th
260 _aNew Delhi
_bPrentic Hall of India
_c1979
300 _a[xiii] , 398p . :
_b22+cm .
650 _aMathematics
650 _aMathematics
700 _aIrwing M. Copi
856 _k0
_l0
_yDownload
942 _2ddc
_cBK
999 _c3337
_d3337